[Event "II Open I Like Elo"]
[Site "Roma ITA"]
[Date "2009.01.21"]
[Round "2"]
[White "Belli, Alessandro"]
[Black "Migliozzi, Giuseppe"]
[Result "0-1"]
[WhiteElo "1517"]
[BlackElo "1732"]
[PlyCount "109"]
[EventDate "2009.01.14"]

1. e4 d5 2. exd5 Qxd5 3. Nf3 Nf6 4. Be2 Bf5 5. d4 Nc6 6. a3 O-O-O 7. Be3 e5 8.
c4 Qa5+ 9. Bd2 Qb6 10. c5 Qxb2 11. Bc3 Qc2 12. Qxc2 Bxc2 13. dxe5 Ne4 14. Bb2
Bxc5 15. O-O Bd3 16. Bxd3 Rxd3 17. Ne1 Rd1 18. Nc3 Rxa1 19. Nxe4 Rb1 20. Nd3
Rxf1+ 21. Kxf1 Bd4 22. Bxd4 Nxd4 23. f4 Rd8 24. a4 Ne6 25. Ke2 Nd4+ 26. Ke3
Nf5+ 27. Ke2 Rd4 28. Ng5 Rxa4 29. Nxf7 Ra2+ 30. Kf3 Ra3 31. Ke4 Ne7 32. e6 Ra4+
33. Ke5 Ra5+ 34. Ke4 c5 35. g4 c4 36. Nd6+ Kc7 37. Nxc4 Ra4 38. Ndb2 Rb4 39.
Kd4 b5 40. Kc5 Rxc4+ 41. Nxc4 bxc4 42. Kxc4 g6 43. Kc5 a5 44. h4 a4 45. Kb4 Kd6
46. h5 gxh5 47. gxh5 Kxe6 48. Kxa4 Kf5 49. Kb5 Kxf4 50. Kc5 Kg5 51. Kd6 Nf5+
52. Ke6 Ng7+ 53. Kf7 Nxh5 54. Kg8 Nf6+ 55. Kh8 0-1

[Event "II Open I Like Elo"]
[Site "Roma ITA"]
[Date "2009.01.21"]
[Round "2"]
[White "Capitani, Roberto"]
[Black "Musmarra, Giovanni"]
[Result "0-1"]
[WhiteElo "1606"]
[BlackElo "1747"]
[PlyCount "64"]
[EventDate "2009.01.14"]

1. e4 e5 2. Nf3 Nc6 3. Bb5 a6 4. Bxc6 dxc6 5. h3 Qd6 6. O-O Be6 7. d4 O-O-O 8.
Be3 exd4 9. e5 Qb4 10. Bxd4 c5 11. Bc3 Rxd1 12. Bxb4 Rxf1+ 13. Kxf1 cxb4 14.
Nbd2 Bc5 15. Rd1 Ne7 16. b3 Rd8 17. Ng5 h6 18. Nxe6 fxe6 19. Ke2 Nd5 20. Ke1
Nc3 21. Rc1 Bxf2+ 22. Kxf2 Rxd2+ 23. Kf3 Nxa2 24. Rf1 Rxc2 25. Kg3 Rc3+ 26. Kh4
Rxb3 27. Rf8+ Kd7 28. Rf7+ Kc6 29. Rxg7 Re3 30. Rg6 Rxe5 31. Rxh6 b3 32. Rf6 b2
0-1

[Event "II Open I Like Elo"]
[Site "Roma ITA"]
[Date "2009.01.21"]
[Round "2"]
[White "Castelfranchi, Carlo"]
[Black "Giuliani, Sante"]
[Result "1/2-1/2"]
[WhiteElo "2081"]
[BlackElo "1935"]
[PlyCount "42"]
[EventDate "2009.01.14"]

1. e4 d5 2. exd5 Qxd5 3. Nc3 Qa5 4. d4 Nf6 5. Nf3 c6 6. Bc4 Bf5 7. Bd2 e6 8.
Nd5 Qd8 9. Nxf6+ gxf6 10. Qe2 Nd7 11. d5 cxd5 12. Bxd5 Qc7 13. Nd4 Qe5 14. Bxb7
Rb8 15. Nxf5 Rxb7 16. Ne3 Rxb2 17. Nc4 Qxe2+ 18. Kxe2 Rb7 19. Rab1 Rc7 20. Ne3
Bc5 21. Ba5 Bb6 1/2-1/2

[Event "II Open I Like Elo"]
[Site "Roma ITA"]
[Date "2009.01.21"]
[Round "2"]
[White "Castillo, Juan"]
[Black "Ciuchi, Francesco"]
[Result "1-0"]
[WhiteElo "1784"]
[BlackElo "1524"]
[PlyCount "49"]
[EventDate "2009.01.14"]

1. e4 e5 2. Nf3 Nc6 3. Bb5 a6 4. Ba4 Nf6 5. O-O d6 6. h3 b5 7. Bb3 Be7 8. Re1
O-O 9. c3 Nb8 10. d4 Nbd7 11. Nbd2 Bb7 12. Bc2 exd4 13. cxd4 Re8 14. Nf1 Bf8
15. Ng3 g6 16. Bf4 Bg7 17. Qd2 Qe7 18. Rac1 Nb6 19. b3 c5 20. dxc5 dxc5 21. Bd6
Rad8 22. Bxe7 Rxd2 23. Bxc5 Rxc2 24. Rxc2 Nbd7 25. Bd4 1-0

[Event "II Open I Like Elo"]
[Site "Roma ITA"]
[Date "2009.01.21"]
[Round "2"]
[White "Colantonio, Marco"]
[Black "Lorenzi, Bruno"]
[Result "1-0"]
[WhiteElo "1695"]
[BlackElo "1700"]
[PlyCount "127"]
[EventDate "2009.01.14"]

1. e4 d5 2. exd5 Qxd5 3. Nc3 Qa5 4. Nf3 Nf6 5. Bc4 Bg4 6. O-O e6 7. a3 c6 8. b4
Bxb4 9. Bb2 Be7 10. d3 Nbd7 11. Re1 O-O 12. Ne4 Rad8 13. Bc3 Qc7 14. Qe2 Qf4
15. Bd2 Bxf3 16. Bxf4 Bxe2 17. Rxe2 Nxe4 18. Rxe4 Nf6 19. Ree1 h6 20. a4 Bd6
21. Bd2 a6 22. Rab1 b5 23. axb5 axb5 24. Bb3 Rfe8 25. h3 Ra8 26. Re3 Bf4 27.
Re2 Bxd2 28. Rxd2 Ra6 29. c4 Rb6 30. Rdb2 Reb8 31. Bd1 b4 32. c5 R6b7 33. Bf3
Nd5 34. Bxd5 exd5 35. Kf1 Kf8 36. Ke2 Ke7 37. Ke3 Kf6 38. f4 g5 39. g4 gxf4+
40. Kxf4 b3 41. d4 Rb4 42. Rd1 Re8 43. Rd3 Re4+ 44. Kg3 Rbxd4 45. Rf3+ Ke6 46.
Rbxb3 Rc4 47. Rb7 f6 48. Rh7 Ke5 49. Rxh6 Rxc5 50. Rfxf6 Rc3+ 51. Kh4 Rec4 52.
Re6+ Kd4 53. Kg5 Kd3 54. h4 c5 55. h5 Rc2 56. Rhf6 Rg2 57. Rf4 Rcc2 58. h6 Ra2
59. h7 Ra8 60. Rh6 Rh8 61. Rh3+ Ke2 62. Kg6 Rf2 63. Rf5 Rg2 64. g5 1-0

[Event "II Open I Like Elo"]
[Site "Roma ITA"]
[Date "2009.01.21"]
[Round "2"]
[White "De Lisa, Carmine"]
[Black "Gerlando, Onofrio"]
[Result "1-0"]
[WhiteElo "1734"]
[BlackElo "1668"]
[PlyCount "97"]
[EventDate "2009.01.14"]

1. e4 c5 2. Nf3 Nc6 3. d4 cxd4 4. Nxd4 e5 5. Nb3 Nf6 6. f3 Be7 7. Be3 d6 8. Nc3
a6 9. a4 Be6 10. Nd5 Bxd5 11. exd5 Na5 12. c3 O-O 13. Be2 Qc7 14. Nxa5 Qxa5 15.
Bc4 Rfc8 16. Bb3 Bd8 17. Ba2 b5 18. b4 Qc7 19. Rc1 Qb7 20. a5 Bc7 21. O-O Bb8
22. Kh1 Ba7 23. Bxa7 Qxa7 24. Qd3 h5 25. c4 bxc4 26. Rxc4 Rxc4 27. Bxc4 Qb7 28.
Rb1 Qa7 29. h3 h4 30. b5 axb5 31. Rxb5 Nh5 32. a6 g6 33. Rb7 Qf2 34. Qb1 Kg7
35. Qg1 Qc2 36. a7 Qxc4 37. Rb8 Qxd5 38. Rxa8 Qxa8 39. Qb6 Qc8 40. Qb1 d5 41.
Qa1 Qa8 42. Qxe5+ Nf6 43. Qb8 Qc6 44. a8=Q Qc1+ 45. Kh2 Kh6 46. Qd6 Kg5 47.
Qe5+ Kh6 48. Qh8+ Nh7 49. Qhg7# 1-0

[Event "II Open I Like Elo"]
[Site "Roma ITA"]
[Date "2009.01.21"]
[Round "2"]
[White "Di Mauro, Giuseppe"]
[Black "Quimi, Marco"]
[Result "1-0"]
[WhiteElo "1943"]
[BlackElo "2245"]
[PlyCount "79"]
[EventDate "2009.01.14"]

1. c4 c5 2. Nf3 Nc6 3. Nc3 g6 4. d4 cxd4 5. Nxd4 Bg7 6. Nc2 Nf6 7. e4 O-O 8.
Be3 d6 9. f3 Bd7 10. Qd2 Re8 11. Be2 Rc8 12. O-O Ne5 13. b3 a6 14. Rac1 Qa5 15.
Nd4 Red8 16. Nd5 Qxd2 17. Bxd2 Nxd5 18. cxd5 Nd3 19. Bxd3 Bxd4+ 20. Kh1 Bb2 21.
Rb1 Ba3 22. Bc1 Bc5 23. Bb2 Be3 24. Rfe1 Bh6 25. Bd4 Bb5 26. Bxb5 axb5 27. Re2
Re8 28. Kg1 Rc7 29. Bb6 Rc3 30. Ba5 Be3+ 31. Kf1 Rd3 32. Rc2 Bd4 33. Bd2 Be3
34. Bxe3 Rxe3 35. Kf2 Rd3 36. Ke2 Rd4 37. Ke3 e5 38. dxe6 Rb4 39. exf7+ Kxf7
40. a3 1-0

[Event "II Open I Like Elo"]
[Site "Roma ITA"]
[Date "2009.01.21"]
[Round "2"]
[White "Mammoliti, Francesco"]
[Black "Ruotolo, Claudio"]
[Result "0-1"]
[WhiteElo "1752"]
[BlackElo "1757"]
[PlyCount "50"]
[EventDate "2009.01.14"]

1. d4 e6 2. c4 f5 3. Nf3 Nf6 4. Bg5 c6 5. Nbd2 d5 6. e3 Bd6 7. Bd3 O-O 8. O-O
Nbd7 9. Rc1 h6 10. Bxf6 Nxf6 11. Qb3 Kh8 12. Bb1 Qe8 13. h3 Qh5 14. Qc2 g5 15.
Ne5 g4 16. hxg4 Nxg4 17. Nxg4 Qxg4 18. f4 Rg8 19. Rf2 Bd7 20. Nf3 Qg3 21. Qd2
Be8 22. Bd3 h5 23. Nh2 h4 24. Rf3 Qg7 25. Rh3 Be7 0-1

[Event "II Open I Like Elo"]
[Site "Roma ITA"]
[Date "2009.01.21"]
[Round "2"]
[White "Palama', Pierpaolo"]
[Black "Simeone, Giulio"]
[Result "0-1"]
[WhiteElo "1464"]
[BlackElo "1983"]
[PlyCount "32"]
[EventDate "2009.01.14"]

1. e4 e6 2. d4 d5 3. Nd2 dxe4 4. Nxe4 g6 5. Be3 Bg7 6. h3 Nf6 7. Bd3 Nxe4 8.
Bxe4 Nd7 9. c3 O-O 10. g4 e5 11. Ne2 Nf6 12. Qc2 Nxe4 13. Qxe4 exd4 14. O-O-O
Be6 15. Bxd4 Bd5 16. Bxg7 Bxe4 0-1

[Event "II Open I Like Elo"]
[Site "Roma ITA"]
[Date "2009.01.21"]
[Round "2"]
[White "Pastore, Cosmas"]
[Black "Maggi, Fabrizio"]
[Result "1/2-1/2"]
[WhiteElo "1806"]
[BlackElo "2039"]
[PlyCount "92"]
[EventDate "2009.01.14"]

1. e4 e6 2. d4 d5 3. Nd2 c5 4. c3 Nc6 5. Ngf3 cxd4 6. cxd4 dxe4 7. Nxe4 Be7 8.
Be3 Nf6 9. Nc3 O-O 10. h3 b6 11. Bb5 Bb7 12. O-O a6 13. Ba4 b5 14. Bc2 Nb4 15.
Bb1 Rc8 16. Qe2 Nbd5 17. Ne4 Nxe4 18. Bxe4 Nxe3 19. Qxe3 Bxe4 20. Qxe4 Rc4 21.
Qb7 Bf6 22. Qxa6 Qb8 23. Qa3 Bxd4 24. Nxd4 Rxd4 25. Qb3 h5 26. Rac1 Rfd8 27.
Rc3 b4 28. Rc4 Qf4 29. Rxd4 Rxd4 30. Qe3 Qd6 31. Qf3 h4 32. Rc1 g6 33. Qf6 Rd1+
34. Rxd1 Qxd1+ 35. Kh2 Qd6+ 36. Kg1 Qd1+ 37. Kh2 Qd6+ 38. Kg1 Qd2 39. Qe5 Kh7
40. Qf6 Kg8 41. Qe5 Kh7 42. Qf6 Qe1+ 43. Kh2 Kg8 44. Qd8+ Kg7 45. Qd4+ Kg8 46.
Qd8+ Kg7 1/2-1/2

[Event "II Open I Like Elo"]
[Site "Roma ITA"]
[Date "2009.01.21"]
[Round "2"]
[White "Piccolo, Giuseppe"]
[Black "Vanzan, Alessandro"]
[Result "0-1"]
[WhiteElo "1635"]
[BlackElo "1788"]
[PlyCount "86"]
[EventDate "2009.01.14"]

1. e4 c5 2. Nc3 d6 3. g3 Nc6 4. Bg2 Nf6 5. d3 g6 6. h3 Bg7 7. Be3 O-O 8. Qd2
Nd4 9. Nd1 Re8 10. c3 Nc6 11. Ne2 Rb8 12. O-O Bd7 13. f4 e6 14. g4 Rf8 15. Ng3
b5 16. g5 Ne8 17. h4 b4 18. f5 bxc3 19. Nxc3 Be5 20. Bf4 Bd4+ 21. Be3 Bxe3+ 22.
Qxe3 Rxb2 23. f6 Nd4 24. Rab1 Qb6 25. Na4 Bxa4 26. Rxb2 Qxb2 27. Rf2 Qc3 28. h5
Nc2 29. Qe2 Nd4 30. Qe3 Nc7 31. hxg6 hxg6 32. Qf4 Qe1+ 33. Rf1 Qxg3 34. Qxg3
Ne2+ 35. Kh2 Nxg3 36. Kxg3 Rb8 37. Rf2 Rb4 38. Kf3 Nb5 39. Ke3 Nd4 40. Kd2 Rb2+
41. Ke3 Nc2+ 42. Kd2 Nb4+ 43. Kc1 Rxf2 0-1

[Event "II Open I Like Elo"]
[Site "Roma ITA"]
[Date "2009.01.21"]
[Round "2"]
[White "Roberti, Bruno"]
[Black "Maggi, Luigi"]
[Result "1/2-1/2"]
[WhiteElo "1990"]
[BlackElo "1864"]
[PlyCount "61"]
[EventDate "2009.01.14"]

1. d4 d5 2. Nc3 e6 3. e4 Bb4 4. a3 Bxc3+ 5. bxc3 dxe4 6. Qg4 Nf6 7. Qxg7 Rg8 8.
Qh6 Nbd7 9. Nh3 b6 10. Ng5 Rg6 11. Qh4 Bb7 12. Nxh7 Nxh7 13. Qxh7 Nf6 14. Qh8+
Rg8 15. Qh4 Rg4 16. Qh6 Rg6 17. Qf4 Qd7 18. Qe5 O-O-O 19. Bb5 Bc6 20. Ba6+ Bb7
21. Bxb7+ Kxb7 22. Bg5 Qe7 23. Bxf6 Qxf6 24. Qxe4+ c6 25. O-O-O Qg5+ 26. Qe3
Qxg2 27. h4 Rh8 28. c4 Qg4 29. f3 Qf5 30. Qe5 Rh5 31. Qxf5 1/2-1/2

[Event "II Open I Like Elo"]
[Site "Roma ITA"]
[Date "2009.01.21"]
[Round "2"]
[White "Romano, Ugo"]
[Black "Tognotti, Andrea"]
[Result "0-1"]
[WhiteElo "1902"]
[BlackElo "1609"]
[PlyCount "58"]
[EventDate "2009.01.14"]

1. d4 d5 2. Nf3 Nf6 3. e3 e6 4. Bd3 Bd6 5. c4 c5 6. Nc3 cxd4 7. exd4 dxc4 8.
Bxc4 O-O 9. Bg5 Be7 10. O-O Qc7 11. Bb3 Nc6 12. Rc1 Rd8 13. Re1 a6 14. Ne4 Nxe4
15. Rxe4 Bxg5 16. Nxg5 h6 17. Nf3 Qa5 18. Qc2 Bd7 19. Rh4 Rac8 20. Qe4 Nxd4 21.
Rxc8 Nxf3+ 22. gxf3 Rxc8 23. Bc2 Qg5+ 24. Rg4 Qc1+ 25. Kg2 Qxc2 26. Qxb7 Qc6
27. Qb3 Qb5 28. Qd1 Bc6 29. Qd4 e5 0-1

[Event "II Open I Like Elo"]
[Site "Roma ITA"]
[Date "2009.01.28"]
[Round "3"]
[White "Boccardi, Alessandro"]
[Black "Musmarra, Giovanni"]
[Result "1/2-1/2"]
[WhiteElo "1542"]
[BlackElo "1747"]
[PlyCount "66"]
[EventDate "2009.01.14"]

1. e4 e5 2. Nf3 d6 3. d4 exd4 4. Nxd4 Nf6 5. Nc3 g6 6. h3 Bg7 7. Bc4 O-O 8. O-O
Nxe4 9. Bxf7+ Rxf7 10. Nxe4 Nc6 11. Nxc6 bxc6 12. Bg5 Qd7 13. c3 Qf5 14. Qg4
Qxg4 15. hxg4 Bxg4 16. f3 Be6 17. Rfe1 Bd5 18. Nf2 h6 19. Bh4 g5 20. Bg3 Rb8
21. Re2 Bc4 22. Rc2 Re7 23. b3 Bf7 24. Rac1 Re3 25. Ng4 Rd3 26. Nf2 Re3 27. Ng4
Re7 28. Bf2 a6 29. Bd4 Rbe8 30. Kf2 c5 31. Bxg7 Kxg7 32. c4 h5 33. Nh2 Bg6
1/2-1/2

[Event "II Open I Like Elo"]
[Site "Roma ITA"]
[Date "2009.01.28"]
[Round "3"]
[White "Ciuchi, Francesco"]
[Black "Urzi', Silvio"]
[Result "0-1"]
[WhiteElo "1524"]
[BlackElo "1818"]
[PlyCount "26"]
[EventDate "2009.01.14"]

1. e4 e6 2. d4 d5 3. exd5 exd5 4. Bd3 c5 5. dxc5 Bxc5 6. Nf3 Nf6 7. O-O O-O 8.
Bg5 Nc6 9. h3 h6 10. Bh4 Qd6 11. Nc3 g5 12. Bg3 Qxg3 13. b4 Bxh3 0-1

[Event "II Open I Like Elo"]
[Site "Roma ITA"]
[Date "2009.01.28"]
[Round "3"]
[White "Gerlando, Onofrio"]
[Black "Belli, Alessandro"]
[Result "1-0"]
[WhiteElo "1668"]
[BlackElo "1517"]
[PlyCount "107"]
[EventDate "2009.01.14"]

1. e4 c6 2. d4 d5 3. Bd3 dxe4 4. Bxe4 Nf6 5. Bf3 Bf5 6. Nc3 e6 7. Bg5 Be7 8.
Be3 Na6 9. a3 Nc7 10. h4 Ncd5 11. Nxd5 exd5 12. g4 Be6 13. g5 Ne4 14. Bxe4 dxe4
15. Qd2 Qd5 16. Ne2 Qf5 17. O-O-O a5 18. Nf4 Bd5 19. Qe2 b5 20. Nxd5 Qxd5 21.
Kb1 O-O 22. Rc1 b4 23. c4 bxc3 24. Rxc3 Rfb8 25. Rhc1 a4 26. Ka1 Rc8 27. Qc4
Qd7 28. Qe2 Qd5 29. Qc2 Ra6 30. Rc4 Qb5 31. Qxe4 Rb8 32. Qc2 Rc8 33. Bd2 Qd5
34. Bb4 Bxb4 35. Rxb4 Qa5 36. Rc4 Kh8 37. Rc5 Qb6 38. d5 Qd8 39. Rxc6 Raxc6 40.
dxc6 Qa5 41. Qc4 Kg8 42. f4 Qa7 43. h5 Qe3 44. c7 Qe8 45. Rd1 Kh8 46. Rc1 Kg8
47. g6 hxg6 48. hxg6 Kf8 49. gxf7 Qxf7 50. Qc5+ Kg8 51. Qd6 Qe8 52. Rd1 Kf7 53.
Qd8 Kf8 54. Qxc8 1-0

[Event "II Open I Like Elo"]
[Site "Roma ITA"]
[Date "2009.01.28"]
[Round "3"]
[White "Giuliani, Sante"]
[Black "Pastore, Cosmas"]
[Result "1-0"]
[WhiteElo "1935"]
[BlackElo "1806"]
[PlyCount "53"]
[EventDate "2009.01.14"]

1. Nf3 Nf6 2. g3 c6 3. Bg2 Qc7 4. d3 e6 5. e4 e5 6. Nbd2 d6 7. b3 Bg4 8. h3 Bh5
9. Bb2 Nbd7 10. O-O O-O-O 11. Qe1 Re8 12. a4 d5 13. Nh4 g5 14. Nf5 Bg6 15. Ne3
dxe4 16. dxe4 Nh5 17. Ndc4 Bg7 18. Rd1 Nhf6 19. Nd6+ Kb8 20. Nxe8 Rxe8 21. Ba3
Qc8 22. Nc4 Re6 23. Qe3 Ne8 24. Qxg5 Qc7 25. Bf3 Bf6 26. Qd2 Nf8 27. Bxf8 1-0

[Event "II Open I Like Elo"]
[Site "Roma ITA"]
[Date "2009.01.28"]
[Round "3"]
[White "Lorenzi, Bruno"]
[Black "Capitani, Roberto"]
[Result "1-0"]
[WhiteElo "1700"]
[BlackElo "1606"]
[PlyCount "80"]
[EventDate "2009.01.14"]

1. e4 c6 2. d4 d5 3. Nc3 dxe4 4. Nxe4 Nf6 5. Nxf6+ exf6 6. Nf3 Na6 7. Bxa6 bxa6
8. O-O Bd6 9. Qe2+ Be6 10. Qxa6 Qc7 11. Re1 O-O 12. c3 Bd5 13. Qd3 Bxf3 14.
Qxf3 Bxh2+ 15. Kh1 Bd6 16. g3 Qd7 17. Kg2 Rfe8 18. Bf4 Rxe1 19. Rxe1 Bf8 20.
Qe4 a5 21. c4 Ra6 22. c5 a4 23. Bd2 Ra7 24. Bb4 g6 25. f3 Ra8 26. Re2 Bg7 27.
Bc3 Kf8 28. Qc2 Qd5 29. b4 axb3 30. Qxb3 Qd7 31. a4 Re8 32. Qc4 f5 33. Rxe8+
Kxe8 34. a5 Qb7 35. a6 Qb1 36. Qe2+ Kf8 37. a7 Qb7 38. Qa2 Qa8 39. Qa6 Ke7 40.
Qb6 Ke6 1-0

[Event "II Open I Like Elo"]
[Site "Roma ITA"]
[Date "2009.01.28"]
[Round "3"]
[White "Maggi, Fabrizio"]
[Black "Castillo, Juan"]
[Result "1-0"]
[WhiteElo "2039"]
[BlackElo "1784"]
[PlyCount "90"]
[EventDate "2009.01.14"]

1. c4 Nf6 2. Nc3 g6 3. e4 d6 4. d4 Bg7 5. Nge2 O-O 6. Ng3 e5 7. d5 Nbd7 8. Be2
a6 9. h4 h6 10. h5 g5 11. Be3 Nh7 12. Bg4 Nb6 13. Bxc8 Nxc8 14. Rc1 Ne7 15. Qd3
Qd7 16. c5 f5 17. c6 bxc6 18. dxc6 Qe6 19. exf5 Qf7 20. O-O Nf6 21. Rfd1 Nxh5
22. Nxh5 Qxh5 23. Qc4+ Qf7 24. Qxf7+ Rxf7 25. g4 Rb8 26. b3 Rb4 27. f3 Bf6 28.
Ne4 Nc8 29. Rd5 Rb8 30. Ra5 Ra8 31. b4 Bd8 32. b5 d5 33. Nc5 Nb6 34. Rxa6 d4
35. Rxa8 Nxa8 36. Ne6 Be7 37. Bd2 Bd6 38. a4 Re7 39. a5 Re8 40. Rb1 Rb8 41. Kf1
Kf7 42. Ke2 Ke7 43. Kd3 Kf7 44. Kc4 Ke7 45. Rh1 Rh8 1-0

[Event "II Open I Like Elo"]
[Site "Roma ITA"]
[Date "2009.01.28"]
[Round "3"]
[White "Maggi, Luigi"]
[Black "Castelfranchi, Carlo"]
[Result "0-1"]
[WhiteElo "1864"]
[BlackElo "2081"]
[PlyCount "62"]
[EventDate "2009.01.14"]

1. c4 Nf6 2. Nc3 d5 3. cxd5 Nxd5 4. Nf3 g6 5. Qa4+ Nc6 6. Ne5 Ndb4 7. a3 Bg7 8.
d4 Bxe5 9. dxe5 Nd5 10. e4 Nb6 11. Qc2 Nd4 12. Qd1 Be6 13. Be3 Nb3 14. Rb1 O-O
15. Bxb6 axb6 16. Be2 c6 17. Qxd8 Rfxd8 18. Rd1 Nd4 19. O-O Nxe2+ 20. Nxe2 Bc4
21. Nf4 Bxf1 22. Rxf1 Rd2 23. Rb1 Rad8 24. Kf1 Rd1+ 25. Rxd1 Rxd1+ 26. Ke2 Rb1
27. Nd3 c5 28. b4 c4 29. Nf4 e6 30. Kd2 Rb3 31. a4 Rxb4 0-1

[Event "II Open I Like Elo"]
[Site "Roma ITA"]
[Date "2009.01.28"]
[Round "3"]
[White "Mammoliti, Francesco"]
[Black "Piccolo, Giuseppe"]
[Result "1/2-1/2"]
[WhiteElo "1752"]
[BlackElo "1635"]
[PlyCount "77"]
[EventDate "2009.01.14"]

1. d4 e5 2. dxe5 Nc6 3. Nf3 Qe7 4. Qd5 f6 5. exf6 Nxf6 6. Qd1 d6 7. Bg5 Bg4 8.
e3 h6 9. Bh4 g5 10. Bg3 Ne4 11. Bb5 Bg7 12. c3 Bd7 13. Nbd2 Nxg3 14. hxg3 a6
15. Bd3 O-O-O 16. Rc1 g4 17. Nh4 Ne5 18. Bf5 Bxf5 19. Nxf5 Nd3+ 20. Ke2 Nxc1+
21. Qxc1 Qf7 22. Nxg7 Qxg7 23. Nb3 Rdf8 24. Nd4 Qf7 25. Rf1 Qxa2 26. c4 Qa4 27.
c5 Rf6 28. c6 bxc6 29. Nxc6 Kd7 30. Nd4 Re8 31. Qc3 Ref8 32. f4 c5 33. Nb3 Re6
34. Rd1 Ke7 35. Nxc5 dxc5 36. Qxc5+ Kf7 37. Qf5+ Ke7 38. Qc5+ Kf7 39. Qf5+
1/2-1/2

[Event "II Open I Like Elo"]
[Site "Roma ITA"]
[Date "2009.01.28"]
[Round "3"]
[White "Migliozzi, Giuseppe"]
[Black "Attanasi, Salvatore"]
[Result "1-0"]
[WhiteElo "1732"]
[BlackElo "1858"]
[PlyCount "69"]
[EventDate "2009.01.14"]

1. Nf3 f5 2. b3 Nf6 3. Bb2 e6 4. e3 Be7 5. d4 d6 6. Bd3 O-O 7. O-O Qe8 8. Nc3
d5 9. Ne2 Ne4 10. c4 c6 11. Rc1 g5 12. cxd5 exd5 13. Ne5 Qh5 14. f3 Nd6 15. Ng3
Qh6 16. Qc2 Be6 17. Rfe1 Nd7 18. e4 f4 19. Nf5 Bxf5 20. exf5 Nxe5 21. dxe5 Ne8
22. a3 Rc8 23. f6 Bd8 24. Bf5 Bb6+ 25. Kh1 Rc7 26. a4 c5 27. Be6+ Kh8 28. Bxd5
Rd7 29. Bc4 Nc7 30. e6 Rd4 31. Bxd4 cxd4 32. e7 Rc8 33. f7 Ne6 34. e8=Q+ Rxe8
35. fxe8=Q+ 1-0

[Event "II Open I Like Elo"]
[Site "Roma ITA"]
[Date "2009.01.28"]
[Round "3"]
[White "Pala, Giorgio"]
[Black "Sermoneta, Eugenio"]
[Result "1-0"]
[WhiteElo "1962"]
[BlackElo "1784"]
[PlyCount "97"]
[EventDate "2009.01.14"]

1. e4 Nf6 2. e5 Nd5 3. d4 d6 4. c4 Nb6 5. exd6 exd6 6. Nc3 Bf5 7. Qf3 Qe7+ 8.
Be3 Bc8 9. c5 N6d7 10. Nd5 Qd8 11. Qe4+ Be7 12. cxd6 cxd6 13. Bd3 Nf6 14. Nxf6+
gxf6 15. Ne2 d5 16. Qf3 Bb4+ 17. Nc3 Nc6 18. O-O Be6 19. Rac1 a6 20. a3 Be7 21.
Na4 h5 22. Nc5 Bg4 23. Qg3 Bxc5 24. Rxc5 Ne7 25. Bf4 Be6 26. Qg7 Rg8 27. Qxf6
Rc8 28. Bg5 Rxc5 29. dxc5 Kd7 30. Re1 Nc6 31. Rxe6 fxe6 32. Qf7+ Ne7 33. Bxe7
Qe8 34. Qxe8+ Rxe8 35. Bd6 e5 36. Bg6 Rg8 37. Bxh5 a5 38. Bf7 Rg5 39. Bxd5 b6
40. h4 Rg4 41. Bxe5 bxc5 42. g3 a4 43. Kg2 Ke7 44. f4 Rg6 45. h5 Rb6 46. g4 Ra6
47. g5 c4 48. h6 Ra5 49. Bg8 1-0

[Event "II Open I Like Elo"]
[Site "Roma ITA"]
[Date "2009.01.28"]
[Round "3"]
[White "Quimi, Marco"]
[Black "Colantonio, Marco"]
[Result "1-0"]
[WhiteElo "2245"]
[BlackElo "1695"]
[PlyCount "49"]
[EventDate "2009.01.14"]

1. d4 Nf6 2. Nf3 g6 3. Bf4 d5 4. h3 c5 5. e3 Nc6 6. c3 cxd4 7. exd4 e6 8. Nbd2
Bg7 9. Be2 O-O 10. O-O Re8 11. Re1 a6 12. a4 Bd7 13. Ne5 Na7 14. Qb3 b5 15.
Nxd7 Qxd7 16. axb5 Nxb5 17. Ra5 Nh5 18. Bxh5 gxh5 19. Qd1 Qd8 20. Ra2 Qh4 21.
Be5 f6 22. Nf3 Qe4 23. Rxe4 dxe4 24. Bg3 exf3 25. Qxf3 1-0

[Event "II Open I Like Elo"]
[Site "Roma ITA"]
[Date "2009.01.28"]
[Round "3"]
[White "Ruotolo, Claudio"]
[Black "De Lisa, Carmine"]
[Result "1-0"]
[WhiteElo "1757"]
[BlackElo "1734"]
[PlyCount "73"]
[EventDate "2009.01.14"]

1. f4 d5 2. b3 Nf6 3. Bb2 e6 4. e3 c5 5. Nf3 a6 6. Be2 Nc6 7. O-O Be7 8. Ne5 d4
9. Nxc6 bxc6 10. Bf3 Bb7 11. Na3 O-O 12. Nc4 Ne8 13. Qe1 Nd6 14. Ne5 Qc7 15.
exd4 cxd4 16. Bxd4 Nb5 17. Bf2 Rad8 18. c3 f6 19. Nc4 Qd7 20. a4 Nd6 21. Nb6
Qc7 22. Qxe6+ Nf7 23. Nc4 Rfe8 24. Rfe1 Bd6 25. Qxe8+ Rxe8 26. Rxe8+ Bf8 27.
Bc5 g6 28. Bxf8 Qd7 29. Rae1 Ne5 30. Rb8 Bc8 31. fxe5 Qa7+ 32. Rb6 Kxf8 33.
exf6 Bd7 34. Re7 a5 35. Bxc6 Qc7 36. Rxd7 Qe5 37. Nxe5 1-0

[Event "II Open I Like Elo"]
[Site "Roma ITA"]
[Date "2009.01.28"]
[Round "3"]
[White "Simeone, Giulio"]
[Black "Di Mauro, Giuseppe"]
[Result "0-1"]
[WhiteElo "1983"]
[BlackElo "1943"]
[PlyCount "54"]
[EventDate "2009.01.14"]

1. c4 Nf6 2. Nc3 e6 3. e4 d5 4. cxd5 exd5 5. e5 d4 6. exf6 dxc3 7. fxg7 cxd2+
8. Bxd2 Bxg7 9. Bc4 Qe7+ 10. Ne2 Nc6 11. O-O Ne5 12. Nf4 Be6 13. Bxe6 fxe6 14.
Qh5+ Ng6 15. Nxg6 hxg6 16. Qxg6+ Qf7 17. Qe4 O-O-O 18. Be3 Rd5 19. Rad1 Rdh5
20. h3 Rh4 21. Qc2 Be5 22. Bg5 R4h5 23. Qd2 Bd6 24. h4 Rxh4 25. g3 Qf3 26. gxh4
Qg4+ 27. Kh1 Qh3+ 0-1

[Event "II Open I Like Elo"]
[Site "Roma ITA"]
[Date "2009.01.28"]
[Round "3"]
[White "Tognotti, Andrea"]
[Black "Roberti, Bruno"]
[Result "1/2-1/2"]
[WhiteElo "1609"]
[BlackElo "1990"]
[PlyCount "62"]
[EventDate "2009.01.14"]

1. c4 e6 2. b3 d5 3. Bb2 Nf6 4. Nf3 Be7 5. cxd5 exd5 6. g3 c6 7. Bg2 O-O 8. O-O
Re8 9. d3 Bg4 10. Nbd2 Na6 11. Re1 Nc5 12. Rc1 Bd6 13. Bd4 Ncd7 14. Rc2 Bb4 15.
Bc3 Bxc3 16. Rxc3 Qa5 17. Qa1 Ne5 18. Nxe5 Rxe5 19. Nf3 Re7 20. e3 Rae8 21.
Rec1 Bxf3 22. Bxf3 Qb6 23. Rc5 Nd7 24. R5c2 Ne5 25. Be2 Qb4 26. d4 Nd7 27. Qc3
Qxc3 28. Rxc3 Nf6 29. Bf3 Ne4 30. Bxe4 Rxe4 31. b4 a6 1/2-1/2

[Event "II Open I Like Elo"]
[Site "Roma ITA"]
[Date "2009.01.28"]
[Round "3"]
[White "Vanzan, Alessandro"]
[Black "Iacuitti, Dario"]
[Result "1-0"]
[WhiteElo "1788"]
[BlackElo "1380"]
[PlyCount "61"]
[EventDate "2009.01.14"]

1. c4 e6 2. a3 Nf6 3. Nc3 d5 4. cxd5 exd5 5. d4 c5 6. Nf3 c4 7. g3 a6 8. Bg2
Nc6 9. O-O h6 10. Bf4 Bd6 11. Ne5 g5 12. Nxc6 bxc6 13. Bxd6 Qxd6 14. Re1 Bf5
15. e4 Nxe4 16. f3 O-O 17. fxe4 Be6 18. e5 Qd7 19. Qh5 Kh7 20. Qe2 f5 21. exf6
Rxf6 22. Qe5 Raf8 23. Na4 Qd8 24. Nc5 Re8 25. Nxa6 Bc8 26. Qxe8 Qxe8 27. Rxe8
Bxa6 28. Rae1 h5 29. R1e7+ Kg6 30. Rg8+ Kf5 31. Re5+ 1-0

[Event "II Open I Like Elo"]
[Site "Roma ITA"]
[Date "2009.02.04"]
[Round "4"]
[White "Arabito, Giuseppe"]
[Black "Boccardi, Alessandro"]
[Result "1-0"]
[WhiteElo "1905"]
[BlackElo "1542"]
[PlyCount "69"]
[EventDate "2009.01.14"]

1. e4 c5 2. Nf3 Nc6 3. d4 cxd4 4. c3 dxc3 5. Nxc3 e6 6. Bc4 Qc7 7. O-O Nf6 8.
Bg5 Ne5 9. Bb3 Nc6 10. Rc1 Qb8 11. Nd5 Be7 12. Re1 Nxd5 13. exd5 Bxg5 14. Nxg5
Na5 15. dxe6 dxe6 16. Ba4+ b5 17. Rxc8+ Qxc8 18. Qd6 bxa4 19. Nxe6 Qxe6 20.
Rxe6+ fxe6 21. Qxe6+ Kd8 22. Qd5+ Ke7 23. Qxa5 Rhd8 24. Qxa4 Rd6 25. g3 Rad8
26. Qxa7+ Kf6 27. h4 Re6 28. Qc5 Rdd6 29. b4 Rc6 30. Qg5+ Kf7 31. b5 Rg6 32.
bxc6 Rxg5 33. hxg5 Ke7 34. Kg2 Kd6 35. Kf3 1-0